Statistics for Disney Multiple Choice (Hardcore Fans Only)

Click here to take the quiz!

General Stats

  • This quiz has been taken 108 times
  • The average score is 4 of 10

Answer Stats

QuestionAnswer% Correct
Who plays Kristoff in Frozen (2013)?Jonathan Groff
73%
What was the first ever live-action Disney Channel crossover?That's So Suite Life of Hannah Montana
58%
What was the first Star Wars movie produced by Disney?The Force Awakens
55%
How many movies were in The Santa Clause trilogy?3
48%
Who currently plays Goofy as of November 2020?Bill Farmer
46%
What famous Youtuber starred in the first two seasons of Bizaardvark?Jake Paul
40%
Who does Martin Freeman play in Captain America: Civil War (2016) and Black Panther (2018)?Everett K. Ross
37%
Final question: When did Toy Story (1996) come outThere was not a movie titled Toy Story from 1996
37%
When did Anthony Daniels die as of November 2020?Never
29%
What song-writers wrote Speechless for Aladdin (2019)?Benj Pasek and Justin Paul
17%

Score Distribution

Percentile by Number Answered

Percent of People with Each Score

Your Score History

You have not taken this quiz